Fictional Logos: TV Edition Quiz Stats

Quiz Updated Feb 3, 2016

Also try: Fictional Logos
Challenge
Share
Tweet
Score 0/20 Timer 05:00
1 Play Today
TV Show % Correct
The Simpsons
88.5%
Family Guy
86%
Friends
83.3%
SpongeBob SquarePants
83.1%
The Office (US)
77.3%
Looney Tunes
66.8%
Home Improvement
62%
Jetsons
53.9%
King of the Hill
53.7%
South Park
49.9%
TV Show % Correct
Beverly Hillbillies
48.6%
Smallville
48.6%
Arrested Development
44.4%
Lost
43.7%
Seinfeld
40.3%
How I Met Your Mother
39%
Futurama
35%
Doctor Who
30%
Laverne and Shirley
18.6%
Mad Men
6.4%

You're not logged in!

Compare scores with friends on all Sporcle quizzes.
Join for Free
OR
Log In

You Might Also Like...

Show Comments

Extras

Top Quizzes Today


Score Distribution

Your Account Isn't Verified!

In order to create a playlist on Sporcle, you need to verify the email address you used during registration. Go to your Sporcle Settings to finish the process.

Report this User

Report this user for behavior that violates our Community Guidelines.

Details: